Loading...
| Current Events | 0 | 3 | 0 | 1 | 30 | 71 | 93.00 | 0 | 2 | 14.48 | 43.65 |
| Science - Other | 0 | 3 | 1 | 1 | 25 | 73 | 86.67 | 0 | 1 | 6.52 | 17.99 |
| Science - Biology | 0 | 3 | 1 | 0 | 25 | 70 | 76.00 | 0 | 0 | 9.37 | 13.49 |
| Popular Culture | 0 | 2 | 0 | 1 | 20 | 95 | 108.00 | 0 | 0 | 3.62 | 15.71 |
| Literature - European | 0 | 2 | 0 | 0 | 20 | 100 | 108.00 | 0 | 1 | 0.32 | 6.61 |
| Literature - American | 0 | 1 | 0 | 0 | 10 | 114 | 114.00 | 0 | 0 | 0.00 | 1.85 |
| Social Science | 0 | 1 | 0 | 0 | 10 | 75 | 75.00 | 0 | 0 | 3.08 | 8.33 |
| Fine Arts - Classical Music | 0 | 1 | 0 | 0 | 10 | 116 | 116.00 | 0 | 0 | 0.00 | 3.70 |
| History - American | 0 | 1 | 0 | 0 | 10 | 49 | 49.00 | 1 | 1 | 6.02 | 11.11 |
| History - European | 0 | 1 | 0 | 0 | 10 | 121 | 121.00 | 0 | 0 | 0.00 | 1.85 |
| History - World | 0 | 1 | 0 | 0 | 10 | 102 | 102.00 | 0 | 0 | 0.00 | 3.17 |
| Religion | 0 | 1 | 0 | 0 | 10 | 68 | 68.00 | 0 | 0 | 3.32 | 5.56 |
| Geography | 0 | 1 | 1 | 0 | 5 | 113 | 113.00 | 0 | 0 | 0.00 | 3.33 |
| Science - Chemistry | 0 | 1 | 1 | 0 | 5 | 91 | 91.00 | 0 | 0 | 0.24 | 3.70 |
| Fine Arts - Other | 0 | 0 | 0 | 0 | 0 | 0.00 | 0 | 0 | 0.00 | 0.00 | |
| Literature - World | 0 | 0 | 0 | 0 | 0 | 0.00 | 0 | 0 | 0.00 | 0.00 | |
| Literature - British | 0 | 0 | 0 | 0 | 0 | 0.00 | 0 | 0 | 0.00 | 0.00 | |
| Fine Arts - Painting and Sculpture | 0 | 0 | 0 | 0 | 0 | 0.00 | 0 | 0 | 0.00 | 0.00 | |
| History - Other | 0 | 0 | 1 | 0 | -5 | 0.00 | 0 | 0 | 0.00 | 0.00 |